| 000 | 00773nam a22001697a 4500 | ||
|---|---|---|---|
| 005 | 20230927155025.0 | ||
| 020 |
_a9788195680023 _c495.00 |
||
| 082 |
_a591 _2प्रथम |
||
| 100 |
_aजोशी, देवेन्द्र _957575 |
||
| 245 |
_aभारतीय गाय सृष्टि संवर्धक/ _cदेवेन्द्र जोशी, |
||
| 250 | _aप्रथम | ||
| 260 |
_aDelhi _bMallika Books _c2019 |
||
| 270 |
_a348, Main Road, Sant Nagar, Burari _bDelhi _e110084 _k011-27612927 _k9650302773 _mmallikabooks@yahoo.in |
||
| 300 |
_a118प. _b22सी.मी(सजिल्द) |
||
| 942 |
_2ddc _cHN _h591 _mदेवेन्द्र |
||
| 999 |
_c198623 _d198623 |
||